000
00297nam a2200133Ia 4500
005
20251222155103.0
008
251222s9999||||xx |||||||||||||| ||spa||
082
_a
REL.96
100
_a
FERNANDEZ P
245
0
_a
El Kempis del Enfermo
250
_a
15va. ed.
264
_b
No tiene
942
_c
LIB
999
_c
37755
_d
37755